|
|
|
|
| LEADER |
00000nab a2200000 a 4500 |
| 001 |
vtls000148949 |
| 003 |
SK-MaSNL |
| 005 |
20260304020725.0 |
| 008 |
160215c1983 xo 0 slo |
| 015 |
|
|
|a SNBRB19rr/mm-uuuuu
|
| 035 |
|
|
|a CL0159056
|
| 040 |
|
|
|a SNKBUCL
|b slo
|c SNKBUCL
|e AACR2
|
| 041 |
0 |
|
|a slo
|
| 044 |
|
|
|a xo
|c SK
|
| 080 |
|
|
|a 82.09:885.4-1(048)
|2 1981
|
| 080 |
|
|
|a 885.4-1(048)
|2 1981
|
| 100 |
1 |
|
|a Andruška, Peter,
|d 1943-2024
|4 aut
|9 92598
|
| 245 |
1 |
0 |
|a Lyrika znejúca hudbou
|c Peter Andruška ; Ján Buzássy
|
| 300 |
|
|
|b Nedeľa, príloha Nového slova, č. 11, s. 6-7.
|
| 500 |
|
|
|a V rubrike Panoráma.
|
| 650 |
0 |
7 |
|a skladby básnické
|2 snkbucl
|9 922748
|
| 655 |
|
7 |
|a články z novín a časopisov
|2 snkbucl
|9 267496
|
| 655 |
|
7 |
|a články z odboru literárna veda a krásna literatúra
|2 snkbucl
|9 770045
|
| 700 |
1 |
|
|a Buzássy, Ján,
|d 1935-
|4 aut
|9 109313
|
| 773 |
0 |
|
|t Nové slovo
|g Roč. 25, č. 14 (1983)
|
| 787 |
0 |
8 |
|i Rec.:
|a Buzássy, Ján
|t Pláň hory
|d Bratislava : Smena, 1982
|
| 850 |
|
|
|a Slovenská národná knižnica v Martine
|a MTA001
|
| 852 |
|
|
|a SNK
|b KIS3GCP
|
| 958 |
|
|
|a BX
|
| 958 |
|
|
|a RK
|
| 958 |
|
|
|a LX
|
| 992 |
|
|
|a RBX
|
| 999 |
|
|
|c 2600686
|d 2602616
|